[Event "Moscow Open 2009 A"]
[Site ""]
[Date "2009.02.06"]
[Round "7.82"]
[White "Gritsenko, Andrey"]
[Black "Khojayan, Vardan"]
[Result "1-0"]
[WhiteElo "2403"]
[BlackElo "2272"]
[Annotator ""]
[Source ""]
[Remark ""]

1.e4 c5 2.Nf3 d6 3.d4 cxd4 4.Nxd4 Nf6 5.Nc3 a6 6.Bc4 e6 7.Bb3
Nbd7 8.f4 Nc5 9.O-O Be7 10.Qf3 O-O 11.Be3 Qc7 12.g4 b5 13.g5
Nfxe4 14.Nxe4 Bb7 15.Nxc5 Bxf3 16.Ncxe6 Qb7 17.Rxf3 fxe6 18.Nxe6
Rf7 19.Kg2 Rc8 20.Rd1 Rc4 21.h4 Qc8 22.Nd4 d5 23.Bxc4 bxc4 24.Ne2
Qf5 25.c3 Bd8 26.Ng3 Qd7 27.f5 Rf8 28.Bd4 Bc7 29.f6 1-0

[Event "Moscow Open 2009 A"]
[Site ""]
[Date "2009.02.06"]
[Round "7.83"]
[White "Novichkov, Valery"]
[Black "Venevtsev, Andrey"]
[Result "1-0"]
[WhiteElo "2400"]
[BlackElo "2230"]
[Annotator ""]
[Source ""]
[Remark ""]

1.e4 e6 2.d4 d5 3.Nc3 Bb4 4.e5 c5 5.Bd2 Ne7 6.a3 Bxc3 7.Bxc3
cxd4 8.Qxd4 Nbc6 9.Qg4 O-O 10.Nf3 Nf5 11.Bd3 d4 12.Bd2 Qd5 13.Qe4
Qxe4+ 14.Bxe4 Nfe7 15.a4 {Íåðàçáîð÷èâàÿ çàïèñü} 1-0

[Event "Moscow Open 2009 A"]
[Site ""]
[Date "2009.02.06"]
[Round "7.84"]
[White "Nukin, Ashat"]
[Black "Kotenko, Pavel"]
[Result "1-0"]
[WhiteElo "2270"]
[BlackElo "2398"]
[Annotator ""]
[Source ""]
[Remark ""]

1.e4 e5 2.Nf3 Nc6 3.Bb5 a6 4.Ba4 Nf6 5.O-O Nxe4 6.d4 b5 7.Bb3
d5 8.dxe5 Be6 9.Qe2 Be7 10.Rd1 O-O 11.c4 bxc4 12.Bxc4 Bc5 13.Be3
Bxe3 14.Qxe3 Ne7 15.Bd3 Qb8 16.Nbd2 Nxd2 17.Rxd2 Qb6 18.Qxb6
cxb6 19.Rc1 Rfc8 20.Rdc2 Rxc2 21.Rxc2 Rc8 22.Rxc8+ Bxc8 23.Nd4
g5 24.g3 Kg7 25.f4 gxf4 26.gxf4 Ng6 27.Bxg6 hxg6 28.Kf2 Kh6 29.Kg3
Kh5 30.Nc6 Bd7 31.Nb4 d4 32.a3 Be6 33.Nd3 Bf5 34.Ne1 Be4 35.Nf3
Bxf3 36.Kxf3 d3 37.Ke3 Kg4 38.Kxd3 Kxf4 1-0

[Event "Moscow Open 2009 A"]
[Site ""]
[Date "2009.02.06"]
[Round "7.85"]
[White "Prokopchuk, Yury"]
[Black "Obodchuk, Andrei"]
[Result "1-0"]
[WhiteElo "2310"]
[BlackElo "2445"]
[Annotator ""]
[Source ""]
[Remark ""]

1.d4 Nf6 2.Bg5 Ne4 3.Bf4 c5 4.f3 Qa5+ 5.c3 Nf6 6.Nd2 cxd4 7.Nb3
Qb6 8.Qxd4 Nc6 9.Qxb6 axb6 10.Nd4 e5 11.Nxc6 exf4 12.Nd4 Bc5
13.g3 Nd5 14.e4 fxe3 15.Bc4 Nc7 16.Ke2 b5 17.Nxb5 Nxb5 18.Bxb5
O-O 19.Nh3 d5 20.Nf4 d4 21.Nd3 Bb6 22.c4 Bf5 23.h4 h5 24.a3 Rfd8
25.b4 Bc7 26.Rhg1 Rd6 27.Nf4 Bc2 28.c5 Rdd8 29.Bd3 Bxd3+ 30.Kxd3 1-0

[Event "Moscow Open 2009 A"]
[Site ""]
[Date "2009.02.06"]
[Round "7.86"]
[White "Dubov, Daniil"]
[Black "Ziatdinov, Raset"]
[Result "1/2-1/2"]
[WhiteElo "2308"]
[BlackElo "2440"]
[Annotator ""]
[Source ""]
[Remark ""]

1.d4 d5 2.c4 e6 3.Nc3 Nf6 4.cxd5 exd5 5.Bg5 Be7 6.e3 O-O 7.Bd3
Nbd7 8.Qc2 Re8 9.Nge2 Nf8 10.O-O Nh5 11.Bxe7 Rxe7 12.b4 Ng6 13.b5
Kh8 14.Rac1 Nh4 15.Ng3 Nf6 16.Rfe1 Be6 17.f3 Ne8 18.Qf2 f5 19.e4
fxe4 20.fxe4 Rf7 21.Qe3 Rf6 22.exd5 Bxd5 23.Nxd5 Qxd5 24.Re2
Rd8 25.Rc4 Rd7 1/2-1/2

[Event "Moscow Open 2009 A"]
[Site ""]
[Date "2009.02.06"]
[Round "7.87"]
[White "Sergienko, Sergey"]
[Black "Leontiev, Aleksandr V"]
[Result "0-1"]
[WhiteElo "2434"]
[BlackElo "2309"]
[Annotator ""]
[Source ""]
[Remark ""]

1.e4 c5 2.Nf3 e6 3.d3 d5 4.Qe2 Be7 5.g3 dxe4 6.dxe4 b6 7.Na3
Ba6 8.Nb5 Nf6 9.Bg2 O-O 10.e5 Nd5 11.O-O Nc6 12.a4 Qb8 13.Re1
Rd8 14.Qe4 h6 15.h4 Bb7 16.Qg4 Kf8 17.Qh5 a6 18.Na3 Ncb4 19.Bxh6
gxh6 20.Qxh6+ Ke8 21.c3 Nd3 22.Re2 Bf8 23.Qh8 Ke7 24.h5 0-1

[Event "Moscow Open 2009 A"]
[Site ""]
[Date "2009.02.06"]
[Round "7.88"]
[White "Sek, Konstantin"]
[Black "Kalmachevskikh, Viktor"]
[Result "0-1"]
[WhiteElo "2417"]
[BlackElo "2306"]
[Annotator ""]
[Source ""]
[Remark ""]

1.e4 c5 2.Nf3 Nc6 3.Bb5 g6 4.Bxc6 dxc6 5.d3 Bg7 6.h3 e5 7.Be3
Qe7 8.Qd2 Nf6 9.Nc3 Nd7 10.O-O-O Nf8 11.Nh2 Ne6 12.g3 Nd4 13.h4
Be6 14.f4 O-O-O 15.Qf2 b6 16.Rhf1 Rd7 17.g4 exf4 18.Bxf4 Nb5
19.Nxb5 cxb5 20.Bg5 Qd6 21.Bf6 Bxf6 22.Qxf6 Rhd8 23.Rd2 Qg3 24.Nf3
Rc7 25.Rg1 Qd6 26.b3 h6 27.Kb1 Qf8 28.Qf4 c4 29.dxc4 bxc4 30.Rxd8+
Qxd8 31.Qd2 Qf6 32.Nd4 Rd7 33.c3 cxb3 34.axb3 Bxb3 35.Qe2 Rxd4
36.cxd4 Qxd4 37.Rc1+ Kb7 38.h5 gxh5 39.gxh5 a5 0-1

[Event "Moscow Open 2009 A"]
[Site ""]
[Date "2009.02.06"]
[Round "7.89"]
[White "Morozov, Grigoriy"]
[Black "Reprintsev, Alexander"]
[Result "1-0"]
[WhiteElo "2306"]
[BlackElo "2400"]
[Annotator ""]
[Source ""]
[Remark ""]

1.d4 d5 2.Nf3 a6 3.Bf4 e6 4.e3 Bd6 5.Bxd6 cxd6 6.c4 Nf6 7.cxd5
Qa5+ 8.Qd2 Qxd2+ 9.Nbxd2 Nxd5 10.e4 Nb6 11.Rc1 Nc6 12.Nc4 Nxc4
13.Bxc4 Bd7 14.Kd2 Ke7 15.d5 Na5 16.Bd3 b5 17.b4 Nb7 18.Rc7 Rhb8
19.dxe6 fxe6 20.e5 h6 21.Rhc1 d5 22.Nd4 Nd8 23.f4 Rc8 24.f5 Ke8
25.f6 gxf6 26.exf6 Rxc7 27.Rxc7 Nf7 28.Bg6 Kd8 29.Rxd7+ Kxd7
30.Bxf7 e5 31.Bxd5 1-0

[Event "Moscow Open 2009 A"]
[Site ""]
[Date "2009.02.06"]
[Round "7.90"]
[White "Okara, Andrey"]
[Black "Haroutjunian, Dmitri"]
[Result "1-0"]
[WhiteElo "2394"]
[BlackElo "2288"]
[Annotator ""]
[Source ""]
[Remark ""]

1.e4 c5 2.Nf3 d6 3.d4 cxd4 4.Nxd4 e6 5.Nc3 a6 6.Be2 Nf6 7.O-O
Nbd7 8.Be3 Qc7 9.Qe1 b5 10.f3 Bb7 11.a4 b4 12.Na2 d5 13.Nxb4
dxe4 14.f4 a5 15.Na2 Bc5 16.c4 O-O 17.Nc1 e5 18.fxe5 Nxe5 19.Rxf6
gxf6 20.Ncb3 Rad8 21.Qg3+ Kh8 22.Nxc5 Rg8 23.Qf2 Rg6 24.Nxb7
Rdg8 25.g3 Nd3 26.Bxd3 exd3 27.Nb5 Qxb7 28.Bd4 Qc6 29.Rf1 Re8
30.Bxf6+ 1-0

[Event "Moscow Open 2009 A"]
[Site ""]
[Date "2009.02.06"]
[Round "7.91"]
[White "Agaragimov, Djakhangir"]
[Black "Cherenkova, Kristina"]
[Result "1-0"]
[WhiteElo "2393"]
[BlackElo "2270"]
[Annotator ""]
[Source ""]
[Remark ""]

1.d4 Nf6 2.c4 g6 3.Nc3 d5 4.Qb3 dxc4 5.Qxc4 a6 6.Bf4 b5 7.Qxc7
Qxc7 8.Bxc7 Bg7 9.Nf3 Nc6 10.e3 b4 11.Na4 Nd5 12.Bg3 e6 13.Rc1
Bd7 14.Ne5 a5 15.Bb5 Nb8 16.Nxd7 Nxd7 17.Nc5 1-0

[Event "Moscow Open 2009 A"]
[Site ""]
[Date "2009.02.06"]
[Round "7.92"]
[White "Kargin, Arseny"]
[Black "Gaspariants, Garry"]
[Result "1-0"]
[WhiteElo "2389"]
[BlackElo "2268"]
[Annotator ""]
[Source ""]
[Remark ""]

1.e4 e5 2.Nf3 Nc6 3.Bb5 a6 4.Ba4 Nf6 5.O-O Be7 6.Re1 b5 7.Bb3
d6 8.c3 O-O 9.h3 Na5 10.Bc2 c5 11.d4 Qc7 12.b4 cxb4 13.cxb4 Nc6
14.a3 Nxd4 15.Nxd4 exd4 16.Bb2 Be6 17.Bxd4 Nd7 18.Nc3 Bf6 19.Re3
Bxd4 20.Qxd4 Qb6 21.Qd2 Ne5 22.Rg3 Rac8 23.Rd1 Rfd8 24.Bb1 Qa7
25.Kh2 Kh8 26.f4 Nc4 27.Qc1 f6 28.Ba2 Bg8 29.Bxc4 Bxc4 30.Qd2
Qb6 31.Re3 Re8 32.Rde1 h6 33.Qd1 Bg8 34.Qd3 Rc4 35.Nd5 Qc6 36.Rg3
Rc1 37.Rxc1 Qxc1 38.Nxf6 Rf8 39.Nh5 1-0

[Event "Moscow Open 2009 A"]
[Site ""]
[Date "2009.02.06"]
[Round "7.93"]
[White "Biryukov, Mikhail"]
[Black "Reutsky, Sergei"]
[Result "0-1"]
[WhiteElo "2257"]
[BlackElo "2381"]
[Annotator ""]
[Source ""]
[Remark ""]

1.e4 e6 2.d4 d5 3.exd5 exd5 4.Bd3 Nf6 5.Nf3 Be7 6.O-O O-O 7.Bg5
Bg4 8.Re1 Nc6 9.Bxf6 Bxf6 10.c3 Qd6 11.Nbd2 g6 12.Qc2 a6 13.a4
Bg7 14.h3 Bd7 15.b4 Rae8 16.Nb3 Bc8 17.Rxe8 Rxe8 18.Re1 Rd8 19.Qe2
Bf8 20.Nc5 a5 21.b5 b6 22.Nb3 Ne7 23.Qe5 Nf5 24.g4 Ng7 25.Qxd6
Bxd6 26.c4 Ne6 27.c5 Bf8 28.cxb6 cxb6 29.Rc1 Bd7 30.Ne5 Be8 31.Bf1
Bd6 32.Nc6 Ra8 33.Rc2 Kf8 34.Bg2 Nf4 35.Bf1 f6 36.f3 g5 37.Kf2
Bg6 38.Rc3 Rc8 39.Ke3 Bb4 40.Rc1 Ba3 41.Ra1 Bb2 42.Ra2 Bc3 43.Nc1
Bb1 44.Rh2 Be1 0-1

[Event "Moscow Open 2009 A"]
[Site ""]
[Date "2009.02.06"]
[Round "7.94"]
[White "Onoprienko, Vladimir"]
[Black "Syrchikov, Alexander"]
[Result "1-0"]
[WhiteElo "2372"]
[BlackElo "2261"]
[Annotator ""]
[Source ""]
[Remark ""]

1.e4 c5 2.Nc3 e6 3.Nf3 a6 4.d4 cxd4 5.Nxd4 Qc7 6.Be2 Nc6 7.Be3
Nf6 8.O-O Be7 9.f4 d6 10.a4 O-O 11.Nb3 b6 12.Bf3 Bb7 13.g4 Rfe8
14.g5 Nd7 15.Bg2 Bf8 16.Rf3 Rad8 17.Rh3 g6 18.Qg4 Bg7 19.Qh4
Nf8 20.f5 Bxc3 21.bxc3 exf5 22.exf5 Ne5 23.Bxb7 Qxb7 24.Rf1 gxf5
25.Nd4 Neg6 26.Qh6 f4 27.Nf5 f6 28.Bxf4 Re2 29.Rg3 fxg5 30.Qxg5
Rd7 31.Qf6 h6 32.Rxg6+ Nxg6 33.Qxg6+ Rg7 34.Nxg7 Qxg7 35.Qxg7+
Kxg7 36.Bxd6 1-0

[Event "Moscow Open 2009 A"]
[Site ""]
[Date "2009.02.06"]
[Round "7.95"]
[White "Shukh, Nikolai"]
[Black "Kozlov, Gennady"]
[Result "1/2-1/2"]
[WhiteElo "2364"]
[BlackElo "2257"]
[Annotator ""]
[Source ""]
[Remark ""]

1.e4 e6 2.d4 d5 3.Nc3 Nf6 4.Bd3 c5 5.exd5 exd5 6.dxc5 Bxc5 7.Nf3
O-O 8.O-O h6 9.Bf4 Nc6 10.Qd2 Re8 11.Rfe1 Be6 12.Nb5 Rc8 13.c3
Qd7 14.Nbd4 Bxd4 15.cxd4 Bf5 16.Ne5 Nxe5 17.dxe5 Nh5 18.Bg3 Nxg3
19.hxg3 Bxd3 20.Qxd3 Rc5 21.Qd4 Qc6 22.Rad1 b6 23.Re2 Rc4 1/2-1/2

[Event "Moscow Open 2009 A"]
[Site ""]
[Date "2009.02.06"]
[Round "7.97"]
[White "Morev, Ivan"]
[Black "Gershkowich, David"]
[Result "1-0"]
[WhiteElo "2249"]
[BlackElo "2360"]
[Annotator ""]
[Source ""]
[Remark ""]

1.e4 c5 2.Nf3 d6 3.d4 cxd4 4.Nxd4 Nf6 5.Nc3 g6 6.f3 Bg7 7.Be3
Nc6 8.Bc4 O-O 9.Qd2 Bd7 10.O-O-O Rc8 11.Bb3 Ne5 12.Kb1 Re8 13.h4
h5 14.g4 hxg4 15.h5 Nxh5 16.Rdg1 g3 17.Nce2 e6 18.Nxg3 Nxg3 19.Rxg3
Nc4 20.Bxc4 Rxc4 21.c3 e5 22.Bg5 exd4 23.Bxd8 Rxd8 24.cxd4 Rxd4 1-0

[Event "Moscow Open 2009 A"]
[Site ""]
[Date "2009.02.06"]
[Round "7.98"]
[White "Nazaryev, Sergey"]
[Black "Kulakov, Viacheslav"]
[Result "1-0"]
[WhiteElo "2236"]
[BlackElo "2360"]
[Annotator ""]
[Source ""]
[Remark ""]

1.d4 d5 2.c4 c6 3.Nc3 Nf6 4.Nf3 e6 5.Bf4 Bd6 6.g3 Bxf4 7.gxf4
O-O 8.e3 b6 9.Qc2 Bb7 10.O-O-O Qe7 11.cxd5 cxd5 12.Kb1 Rc8 13.Rc1
Nc6 14.Ne5 Nb4 15.Qe2 Ne4 16.f3 Nxc3+ 17.bxc3 f6 18.Ng4 Ba6 19.Qg2
Bxf1 20.Rhxf1 Nc6 21.e4 Kh8 22.Rfe1 Qd7 23.Ne3 Na5 24.f5 exf5
25.Nxd5 b5 26.Qh3 Nc4 27.Qxf5 Qd6 28.Re2 b4 29.cxb4 Na3+ 30.Kb2
Rxc1 31.Kxc1 Qa6 32.Kd2 Rc8 33.Ne3 Nc4+ 34.Nxc4 Qxc4 35.Ke3 Qc3+
36.Kf4 Qc1+ 37.Kg3 Qg1+ 38.Rg2 Qe1+ 39.Kh3 1-0

[Event "Moscow Open 2009 A"]
[Site ""]
[Date "2009.02.06"]
[Round "7.99"]
[White "Pichugin, Andrei"]
[Black "Zolotukhin, Valery"]
[Result "0-1"]
[WhiteElo "2221"]
[BlackElo "2358"]
[Annotator ""]
[Source ""]
[Remark ""]

1.e4 c5 2.Nf3 d6 3.d4 cxd4 4.Nxd4 Nf6 5.Nc3 g6 6.Be2 Bg7 7.O-O
O-O 8.Bg5 Nc6 9.Nb3 Be6 10.f4 b5 11.Bf3 Re8 12.Nd5 Bxd5 13.exd5
Na5 14.Nxa5 Qxa5 15.Kh1 Rec8 16.c3 Rc7 17.f5 Rac8 18.h3 b4 19.cxb4
Qxb4 20.fxg6 hxg6 21.Qe2 Nh7 22.Bxe7 Rc2 23.Qa6 Be5 24.Bd1 Qd2
25.Bf3 Qf4 26.g3 Rh2+ 0-1

[Event "Moscow Open 2009 A"]
[Site ""]
[Date "2009.02.06"]
[Round "7.100"]
[White "Biryukov, Dmitriy"]
[Black "Baghdasaryan, Vahe"]
[Result "0-1"]
[WhiteElo "2357"]
[BlackElo "2246"]
[Annotator ""]
[Source ""]
[Remark ""]

1.e4 c5 2.Nf3 e6 3.d4 cxd4 4.Nxd4 Nc6 5.Nc3 Qc7 6.Ndb5 Qb8 7.Be3
Nf6 8.f3 d6 9.Nd4 d5 10.exd5 exd5 11.Qd2 Bd6 12.O-O-O O-O 13.g4
Be6 14.Nxe6 fxe6 15.g5 Ne8 16.Bh3 Nd8 17.Bg4 b5 18.Ne2 Nc7 19.Nd4
e5 20.Nf5 Nb7 0-1

[Event "Moscow Open 2009 A"]
[Site ""]
[Date "2009.02.06"]
[Round "7.101"]
[White "Ajrapetian, Gevorg"]
[Black "Yarmolenko, Evgeny"]
[Result "1/2-1/2"]
[WhiteElo "2350"]
[BlackElo "2211"]
[Annotator ""]
[Source ""]
[Remark ""]

1.e4 c5 2.Nf3 Nf6 3.e5 Nd5 4.Nc3 Nxc3 5.dxc3 Nc6 6.Bf4 h6 7.h4
e6 8.Qd2 Qc7 9.O-O-O b6 10.Qe3 Bb7 11.Nd2 Ne7 12.Nc4 Nd5 13.Qg3
b5 14.Nd6+ Bxd6 15.exd6 Qa5 16.Kb1 Nxf4 17.Qxf4 Bd5 18.Rxd5 exd5
19.Qe3+ Kf8 20.Qxc5 Re8 21.Bd3 Qb6 22.Qxd5 a6 23.b3 Qc6 24.Qxc6
dxc6 25.Rd1 Rd8 26.Be4 h5 27.c4 bxc4 28.bxc4 c5 29.Rd5 Rh6 30.Rxc5
Rdxd6 31.Rc8+ Ke7 32.c5 Rd8 33.Rc7+ Rd7 34.Rc8 1/2-1/2

[Event "Moscow Open 2009 A"]
[Site ""]
[Date "2009.02.06"]
[Round "7.102"]
[White "Konovalov, Vladislav"]
[Black "Egorov, Dmitry"]
[Result "0-1"]
[WhiteElo "2208"]
[BlackElo "2346"]
[Annotator ""]
[Source ""]
[Remark ""]

1.Nf3 Nf6 2.c4 g6 3.Nc3 Bg7 4.e4 d6 5.d4 O-O 6.Be2 e5 7.Be3 Nc6
8.d5 Ne7 9.Nd2 c5 10.dxc6 bxc6 11.b4 d5 12.cxd5 cxd5 13.Bc5 d4
14.Nb5 a6 15.Nd6 Nd7 16.O-O Nxc5 17.bxc5 Qc7 18.Nb3 Be6 19.Rc1
Nc6 20.Qd2 a5 21.Nc4 a4 22.Na1 Rfb8 23.Nb6 Ra5 24.Rc2 Bf8 25.Rfc1
Qd8 26.Bc4 Rxc5 27.Bxe6 Rxc2 28.Nxc2 Qxb6 29.Bc4 Qb2 30.h4 Nb4
31.h5 Re8 32.hxg6 hxg6 0-1

[Event "Moscow Open 2009 A"]
[Site ""]
[Date "2009.02.06"]
[Round "7.103"]
[White "Denisov, Ivan"]
[Black "Gerasimov, Ivan"]
[Result "0-1"]
[WhiteElo "2193"]
[BlackElo "2342"]
[Annotator ""]
[Source ""]
[Remark ""]

1.e4 c5 2.Nf3 d6 3.d4 cxd4 4.Nxd4 Nf6 5.Nc3 a6 6.Be3 e5 7.Nb3
Be6 8.f3 Be7 9.Qd2 O-O 10.g4 d5 11.g5 d4 12.gxf6 Bxf6 13.O-O-O
dxe3 14.Qg2 Qc8 15.Qg1 Nc6 16.Qxe3 Nd4 17.Kb1 a5 18.Rg1 a4 19.Nxd4
exd4 20.Qf4 Kh8 21.e5 Qb8 22.Qxd4 a3 23.b3 0-1

[Event "Moscow Open 2009 A"]
[Site ""]
[Date "2009.02.06"]
[Round "7.105"]
[White "Tarasov, Oleg"]
[Black "Gordievsky, Dmitry"]
[Result "1-0"]
[WhiteElo "2340"]
[BlackElo "2207"]
[Annotator ""]
[Source ""]
[Remark ""]

1.e4 c5 2.c3 d5 3.exd5 Qxd5 4.d4 Nf6 5.Nf3 e6 6.Be3 cxd4 7.cxd4
Nc6 8.Nc3 Qd6 9.a3 Be7 10.Bd3 b6 11.O-O O-O 12.Qe2 Bb7 13.Rad1
Rad8 14.Rfe1 Qb8 15.Bc2 Rfe8 16.Bg5 Nd5 17.Qe4 g6 18.Qh4 Bxg5
19.Nxg5 h5 20.Nce4 Nce7 21.Qg3 Kg7 22.Qe5+ Qxe5 23.dxe5 1-0

[Event "Moscow Open 2009 A"]
[Site ""]
[Date "2009.02.06"]
[Round "7.106"]
[White "Kovalev, Vladislav"]
[Black "Inants, Aghasi"]
[Result "0-1"]
[WhiteElo "2330"]
[BlackElo "2192"]
[Annotator ""]
[Source ""]
[Remark ""]

1.e4 c5 2.Nf3 e6 3.Nc3 a6 4.d4 cxd4 5.Nxd4 b5 6.Bd3 Bb7 7.O-O
d6 8.a3 Nf6 9.Qe2 Nbd7 10.Bd2 Be7 11.Rac1 O-O 12.Kh1 Nc5 13.f4
d5 14.e5 Nfe4 15.f5 Bh4 16.Rcd1 Nxd3 17.cxd3 Nxd2 18.Rxd2 exf5
19.Nxf5 Bg5 20.Rc2 Bc8 21.d4 Be6 22.Qd3 Rc8 23.Rcf2 g6 24.Nd6
Rb8 25.Qf3 f6 26.Qd1 Qb6 27.Re2 fxe5 28.Rxf8+ Kxf8 29.Qf1+ Ke7
30.dxe5 Qd4 0-1

[Event "Moscow Open 2009 A"]
[Site ""]
[Date "2009.02.06"]
[Round "7.107"]
[White "Oganisjn, Roman"]
[Black "Oparin, Grigoriy"]
[Result "0-1"]
[WhiteElo "2321"]
[BlackElo "2189"]
[Annotator ""]
[Source ""]
[Remark ""]

1.d4 d5 2.c4 e6 3.Nc3 Be7 4.Nf3 Nf6 5.g4 b6 6.g5 Ne4 7.h4 Bb7
8.cxd5 Nxc3 9.bxc3 Bxd5 10.Qd3 c5 11.Rg1 Qc7 12.e4 Bb7 13.d5
exd5 14.exd5 Nd7 15.Be3 O-O-O 16.O-O-O Bd6 17.Nd2 Kb8 18.Ne4
Ka8 19.Kb2 Ne5 20.Qc2 c4 21.Be2 Rhe8 22.Ka1 Bf8 23.Qa4 Qd7 24.Qc2
Qb5 25.Nd2 Bxd5 26.Nb1 Bb7 27.Qxh7 Nd3 28.Rd2 Be4 29.Qh5 g6 30.Qg4
Qc6 31.Bxd3 cxd3 32.Rb2 Bf5 33.Qd1 Bg7 34.Qb3 Re6 35.Rc1 Qd5
36.Qa3 Kb7 37.Nd2 Bf8 38.Qa4 Qc6 39.Qb3 Rc8 40.Bd4 Bd6 41.Rcb1
Bf4 42.Qd1 Bxd2 43.Rxd2 Qe4 44.Qh1 Qxh1 45.Rxh1 Re2 0-1

[Event "Moscow Open 2009 A"]
[Site ""]
[Date "2009.02.06"]
[Round "7.108"]
[White "Kozganbayev, Erken"]
[Black "Nikitin, Yuri"]
[Result "1-0"]
[WhiteElo "2161"]
[BlackElo "2319"]
[Annotator ""]
[Source ""]
[Remark ""]

1.e4 e5 2.Nf3 Nf6 3.Nc3 Nc6 4.Bb5 Nd4 5.Nxe5 c6 6.Be2 Nxe4 7.Nxe4
Qe7 8.f4 d6 9.Nxd6+ Qxd6 10.c3 Nxe2 11.Qxe2 Be7 12.d4 O-O 13.O-O
c5 14.dxc5 Qxc5+ 15.Be3 Qc7 16.Qc4 Qxc4 17.Nxc4 Be6 18.Nd2 Rfd8
19.Bd4 Rd7 20.Nf3 Bd6 21.g3 a5 22.Rfd1 a4 23.Rd2 f6 24.Kg2 Kf7
25.Bf2 Be7 26.Rxd7 Bxd7 27.Bd4 Be6 28.Kf2 Ra5 29.Nd2 Bc5 30.Bxc5
Rxc5 31.c4 Bxc4 32.Rc1 b5 33.Ke3 Rc6 34.Nxc4 bxc4 35.Rc2 Ke6
36.Kd4 Kf5 37.Rxc4 1-0

[Event "Moscow Open 2009 A"]
[Site ""]
[Date "2009.02.06"]
[Round "7.109"]
[White "Rzayev, Bahruz"]
[Black "Apryshko, Gleb"]
[Result "1-0"]
[WhiteElo "2313"]
[BlackElo "2074"]
[Annotator ""]
[Source ""]
[Remark ""]

1.e4 e5 2.Nf3 Nc6 3.Bb5 Bc5 4.c3 Nf6 5.d4 Bb6 6.O-O O-O 7.Bg5
d6 8.h3 Qe7 9.Re1 Nd8 10.Bh4 h6 11.Nbd2 g5 12.dxe5 dxe5 13.Bg3
c6 14.Bd3 Nd7 15.Nc4 Bc7 16.Ne3 Qf6 17.b4 Ne6 18.Nf5 Rd8 19.Nh2
Kh7 20.Ng4 Qg6 21.Ngxh6 Nf4 22.Bc4 Rf8 23.Qb3 Ne6 24.Nxf7 Ndc5
25.bxc5 Rxf7 26.Nd6 Bxd6 27.cxd6 b5 28.Bxe6 Bxe6 29.Qb4 Re8 30.Qc5
g4 31.h4 Bd7 32.Bxe5 Qh5 33.Bd4 Qxh4 34.g3 Qh3 35.Qg5 Re6 36.Qd8
Be8 37.Qh4+ Qxh4 38.gxh4 Rxd6 39.Kg2 Rf3 40.a4 a6 41.Re3 Rxe3
42.fxe3 Re6 43.axb5 axb5 44.Ra7+ Kh6 45.e5 Kg6 46.Kg3 Kf5 47.Rg7
Ke4 48.Kxg4 1-0

[Event "Moscow Open 2009 A"]
[Site ""]
[Date "2009.02.06"]
[Round "7.110"]
[White "Shurunov, Arseny"]
[Black "Kachko, Alexander"]
[Result "1-0"]
[WhiteElo "2105"]
[BlackElo "2401"]
[Annotator ""]
[Source ""]
[Remark ""]

1.e4 Nc6 2.Nf3 d6 3.d4 g6 4.Nc3 Bg7 5.Be3 Nf6 6.Be2 Ng4 7.Bg5
h6 8.Bh4 g5 9.Bg3 e5 10.d5 Ne7 11.Nd2 Nf6 12.Nc4 b5 13.Nd2 b4
14.Bb5+ Kf8 15.Ne2 Nh5 16.Nf1 f5 17.exf5 Nxf5 18.Ne3 Nf4 19.O-O
h5 20.Nxf5 Bxf5 21.f3 c5 22.Bf2 Qc8 23.Ng3 Bh3 24.Ne4 Rh6 25.g3
Bxf1 26.Bxf1 Nh3+ 27.Bxh3 Qxh3 28.Nxg5 Qf5 29.Ne4 Kg8 30.Be3
Rg6 31.h4 Qh3 32.Bg5 Bh6 33.Qf1 Qxf1+ 34.Rxf1 Bxg5 35.hxg5 c4
36.Kf2 Rb8 37.f4 Rf8 38.Ke3 Rf5 39.Rd1 Kf7 40.c3 bxc3 41.bxc3
Ke7 42.Nf2 h4 43.gxh4 Rxf4 44.Rh1 1-0

[Event "Moscow Open 2009 A"]
[Site ""]
[Date "2009.02.06"]
[Round "7.111"]
[White "Antipov, Mikhail Al"]
[Black "Robson, Ray"]
[Result "0-1"]
[WhiteElo "2194"]
[BlackElo "2455"]
[Annotator ""]
[Source ""]
[Remark ""]

1.e4 c5 2.Nf3 d6 3.d4 cxd4 4.Nxd4 Nf6 5.Nc3 e6 6.g4 e5 7.Nf5
h5 8.Bg5 hxg4 9.Bxf6 Qxf6 10.Qxg4 Bxf5 11.exf5 Rh4 12.Qf3 e4
13.Bb5+ Nc6 14.Qe2 Qxf5 15.O-O-O Be7 16.Rhe1 Kf8 17.Nxe4 Re8
18.Nxd6 Bg5+ 19.Kb1 Rxe2 20.Nxf5 Rxe1 21.Rxe1 Rxh2 22.Bxc6 bxc6
23.Rf1 Bf6 24.c3 g6 25.Ne3 Bh4 26.Ng4 Rg2 27.f3 Re2 28.f4 Re4
29.Ne5 Bg3 30.Nxc6 Bxf4 31.Nxa7 g5 32.Nc6 g4 33.Nd4 Bh2 34.Rf2
g3 0-1

[Event "Moscow Open 2009 A"]
[Site ""]
[Date "2009.02.06"]
[Round "7.112"]
[White "Belous, Vladimir"]
[Black "Elishev, Ivan"]
[Result "1-0"]
[WhiteElo "2431"]
[BlackElo "2239"]
[Annotator ""]
[Source ""]
[Remark ""]

1.d4 Nf6 2.c4 g6 3.Nc3 d5 4.cxd5 Nxd5 5.Bd2 Bg7 6.e4 Nb6 7.Be3
O-O 8.Be2 Nc6 9.d5 Nb8 10.Bd4 e5 11.Bc5 Re8 12.Nf3 N8d7 13.Ba3
Nf6 14.Qc2 a6 15.O-O Nh5 16.g3 Bg4 17.Rfd1 Nc8 18.Rac1 Nd6 19.Nd2
Bxe2 20.Nxe2 Rc8 21.Qb3 Qd7 22.Bxd6 cxd6 23.Nc4 Rc5 24.Nb6 Qb5
25.Rxc5 Qxb3 26.axb3 dxc5 27.Nd7 Nf6 28.Nxc5 Bf8 29.d6 b6 30.Nb7
Nd7 31.Rc1 Nc5 32.Rxc5 1-0

[Event "Moscow Open 2009 A"]
[Site ""]
[Date "2009.02.06"]
[Round "7.113"]
[White "Soltanici, Ruslan"]
[Black "Gurkin, A"]
[Result "1/2-1/2"]
[WhiteElo "2400"]
[BlackElo "2176"]
[Annotator ""]
[Source ""]
[Remark ""]

1.e4 c5 2.Nf3 Nc6 3.Nc3 d6 4.d4 cxd4 5.Nxd4 e5 6.Nb3 Nf6 7.Be3
Be7 8.f3 Be6 9.Qd2 d5 10.exd5 Nxd5 11.Nxd5 Qxd5 12.Qxd5 Bxd5
13.O-O-O O-O-O 14.Bb5 Kc7 15.Rhe1 b6 16.Bf2 Bg5+ 17.Be3 Bh4 18.g3
Bf6 19.Nd2 Be7 20.c4 Be6 21.a3 f5 22.Bxc6 Kxc6 1/2-1/2

[Event "Moscow Open 2009 A"]
[Site ""]
[Date "2009.02.06"]
[Round "7.114"]
[White "Vakhlamov, Igor L"]
[Black "Rozanov, Pavel B"]
[Result "0-1"]
[WhiteElo "2127"]
[BlackElo "2306"]
[Annotator ""]
[Source ""]
[Remark ""]

1.e4 e6 2.d4 d5 3.Nd2 Be7 4.Bd3 c5 5.dxc5 Nf6 6.exd5 Qxd5 7.Ngf3
Qxc5 8.O-O Nc6 9.Qe2 Qh5 10.Ne4 Nxe4 11.Bxe4 Bf6 12.c3 O-O 13.Bf4
Qa5 14.Rfd1 g6 15.a3 e5 16.Bh6 Re8 17.Rd6 Re6 18.Rd5 Qc7 19.Rad1
Re8 20.Ng5 Bg7 21.Bxg7 Kxg7 22.Rd6 Nd4 23.Rxg6+ hxg6 24.cxd4
exd4 25.Qd3 Qe5 26.h4 a6 27.f3 Re7 28.Qxd4 Qxd4+ 29.Rxd4 f6 30.Nh3
Bxh3 31.gxh3 Rc8 0-1

[Event "Moscow Open 2009 A"]
[Site ""]
[Date "2009.02.06"]
[Round "7.115"]
[White "Stoletov, Gennadi"]
[Black "Tkachuk, Andrey"]
[Result "1-0"]
[WhiteElo "2306"]
[BlackElo "2150"]
[Annotator ""]
[Source ""]
[Remark ""]

1.e4 c5 2.c4 d6 3.Nc3 Nc6 4.g3 g6 5.Bg2 Bg7 6.Nge2 Nh6 7.d3 O-O
8.O-O f5 9.Rb1 Nf7 10.a3 fxe4 11.dxe4 Nd4 12.Be3 Nxe2+ 13.Qxe2
Ne5 14.h3 Rb8 15.Kh2 a6 16.Rfd1 Qe8 17.b4 cxb4 18.axb4 Nf3+ 19.Bxf3
Bxc3 20.c5 Be5 21.Bg2 dxc5 22.bxc5 Bc7 23.e5 Bxe5 24.Bh6 Rf5
25.Qc4+ Kh8 26.f4 Bg7 27.Bxg7+ Kxg7 28.c6 b5 29.Qc3+ e5 30.c7
Rb6 31.Rd2 Qe6 32.Bd5 1-0

[Event "Moscow Open 2009 A"]
[Site ""]
[Date "2009.02.06"]
[Round "7.116"]
[White "Osmolny, Vladimir I"]
[Black "Mamedov, Elshad"]
[Result "1-0"]
[WhiteElo "2306"]
[BlackElo "2129"]
[Annotator ""]
[Source ""]
[Remark ""]

1.d4 d6 2.c4 Nd7 3.Nc3 c6 4.e4 h6 5.Be3 g5 6.Bd3 Bg7 7.Nge2 Nf8
8.Qd2 Qa5 9.O-O Nf6 10.f3 Nh5 11.g3 Rg8 12.Kh1 Bh3 13.Rf2 Nf6
14.Rb1 Qc7 15.b4 Bd7 16.a4 Ne6 17.Rff1 Kf8 18.f4 Ke8 19.d5 Nf8
20.e5 gxf4 21.gxf4 dxe5 22.f5 Ng4 23.Ne4 Nxe3 24.Qxe3 Nh7 25.N2c3
Qc8 26.c5 cxd5 27.Nxd5 Bc6 28.Bb5 Kf8 29.Rbd1 Ng5 30.Bxc6 bxc6
31.Ndc3 f6 32.Ng3 Qb7 33.h4 Nf7 34.Qe4 Rb8 35.b5 Rc8 36.Rd3 h5
37.Rfd1 Bh6 38.Nxh5 Qc7 39.Rd7 Qa5 40.Qc4 Be3 41.Rxe7 Nd8 42.Rdd7 1-0

[Event "Moscow Open 2009 A"]
[Site ""]
[Date "2009.02.06"]
[Round "7.118"]
[White "Chizhikov, Vladislav"]
[Black "Korovianski, Dmitry"]
[Result "1/2-1/2"]
[WhiteElo "2167"]
[BlackElo "2281"]
[Annotator ""]
[Source ""]
[Remark ""]

1.e4 c5 2.Nf3 Nc6 3.d4 cxd4 4.Nxd4 Nf6 5.Nc3 e5 6.Ndb5 d6 7.Bg5
a6 8.Na3 b5 9.Nd5 Be7 10.Bxf6 Bxf6 11.c3 Rb8 12.Nc2 Bg5 13.a4
bxa4 14.Ncb4 Nxb4 15.Nxb4 Bd7 16.Bxa6 O-O 17.O-O Be7 18.Bc4 Qe8
19.Ra2 Kh8 20.Be2 g6 21.Qd2 f5 22.exf5 gxf5 23.Bc4 Rc8 24.Qd3
e4 25.Qe2 Bf6 26.Nd5 Be5 27.f4 exf3 28.Rxf3 Be6 29.b3 axb3 30.Bxb3
Rc5 31.Rd2 f4 32.h3 Bf7 33.c4 Bh5 34.g4 Rg8 35.Nxf4 Bxg4 36.hxg4
Rxg4+ 37.Kf1 Qg6 38.Qd3 Qg5 39.Bc2 Rc7 40.Qd5 Kg7 1/2-1/2